A needs analysis for the development of a framework for tertiary-level self-access centers in Cambodia /
Saved in:
| Main Author: | |
|---|---|
| Format: | Thesis Book |
| Language: | English |
| Published: |
1996.
|
| Subjects: | |
| Tags: |
Add Tag
No Tags, Be the first to tag this record!
|
| LEADER | 00909cam a2200253 a 4500 | ||
|---|---|---|---|
| 001 | u414954 | ||
| 003 | SIRSI | ||
| 008 | 970819s1996 si v 00 1 eng m | ||
| 035 | |a ACD-7236 | ||
| 040 | |a UMM | ||
| 043 | |a a-cb--- | ||
| 090 | |a PE1128 |b Nay | ||
| 100 | 1 | 0 | |a Nay, Chhuon. |
| 245 | 1 | 2 | |a A needs analysis for the development of a framework for tertiary-level self-access centers in Cambodia / |c by Nay Chhuon. |
| 260 | |c 1996. | ||
| 300 | |a x, 161 leaves : |b ill. ; |c 31 cm. | ||
| 502 | |a Dissertation (M.A.) -- National University of Singapore, 1996. | ||
| 504 | |a Bibliography: leaves 158-161. | ||
| 650 | 0 | |a English language |x Study and teaching |z Cambodia | |
| 650 | 0 | |a English language |x Self-instruction | |
| 650 | 0 | |a Instructional materials centers. | |
| 948 | |a 19/08/1997 |b 25/11/2000 | ||
| 596 | |a 1 | ||
| 999 | |a PE1128 NAY |w LC |c 1 |i A507341924 |d 30/7/2010 |e 30/7/2010 |l STACKS |m P01UTAMA |n 2 |r Y |s Y |t TESIS |u 22/10/1997 | ||
